000 00466nam a2200193Ia 4500
005 20250603145511.0
008 250603s9999 xx 000 0 und d
020 _a9783403612
050 _aHM 1221 .A84/
100 _aAsemah, Ezekiel S.
245 0 _aPerspectives on advertising and public relations
250 _a3rd ed.
260 _aJos,Nigeria
260 _bLizborn press
260 _c2019
300 _a405 p
650 _aJos,Nigeria
942 _cBK
999 _c42040
_d42040